Paesi con più punti ATP (Tennis) - Statistics

Statistiche generali
  • Questo quiz è stato fatto 26 volte
  • Il punteggio medio è 27 su 30
Statistiche sulle risposte
Punti Paese % Corretto
7.245 Canada
100%
5.299 Giappone
100%
34.292 Italia
100%
2.859 Norvegia
100%
11.269 Russia
100%
7.716 Serbia
100%
24.641 Spagna
100%
31.621 Stati Uniti
100%
14.587 Argentina
95%
11.565 Australia
95%
4.053 Brasile
95%
2.314 Cina
95%
2.081 Danimarca
95%
22.313 Francia
95%
11.601 Germania
95%
2.278 Polonia
95%
2.757 Portogallo
95%
2.953 Svizzera
95%
2.619 Austria
91%
3.146 Croazia
91%
9.777 Regno Unito
91%
5.120 Belgio
82%
4.065 Paesi Bassi
82%
2.419 Ungheria
82%
8.777 Cechia
77%
4.823 Kazakistan
73%
2.949 Cile
68%
1.457 Slovacchia
68%
1.494 Perù
64%
2.103 Monaco
41%
Nessun quiz corrispondente trovato
Distribuzione punteggi
Percentuale di utenti per punteggio
Percentile per numero di risposta
I tuoi punteggi nel tempo
Non hai fatto questo quiz